[Event "Politiken Cup"]
[Site "Helsingor DEN"]
[Date "2009.07.20"]
[Round "4"]
[White "Porte,H"]
[Black "Pedersen,TR"]
[Result "1-0"]
[WhiteElo "2115"]
[BlackElo "1987"]
[EventDate "2009.07.18"]

1. d4 Nf6 2. c4 e6 3. Nc3 Bb4 4. Qc2 c5 5. dxc5 Na6 6. a3 Bxc3+ 7. Qxc3
Nxc5 8. f3 a5 9. e4 d6 10. Be3 O-O 11. Ne2 b6 12. Nf4 a4 13. Be2 Qc7 14.
O-O Ba6 15. Rac1 d5 16. e5 Nfd7 17. cxd5 Bxe2 18. d6 Qc6 19. Nxe2 Qd5 20.
f4 f6 21. Rcd1 Qe4 22. Ng3 Qg6 23. Bd4 h5 24. f5 exf5 25. Nxf5 Kh8 26. Ne7
Qg4 27. h3 Qg5 28. Rf5 Qh6 29. Bxc5 Nxc5 30. Qf3 g6 31. Rxf6 Rxf6 32. Qxa8+
Rf8 33. Nxg6+ 1-0

[Event "Politiken Cup"]
[Site "Helsingor DEN"]
[Date "2009.07.20"]
[Round "4"]
[White "Rolvaag,B"]
[Black "Nielsen,JanM"]
[Result "1/2-1/2"]
[WhiteElo "1906"]
[BlackElo "2115"]
[EventDate "2009.07.18"]

1. e4 c5 2. Nc3 a6 3. d3 e6 4. g3 b5 5. Bg2 Bb7 6. Nge2 Be7 7. O-O Qc7 8.
Be3 Nf6 9. h3 b4 10. Nb1 d5 11. exd5 Bxd5 12. Nd2 Bxg2 13. Kxg2 Nbd7 14.
Nc4 Nd5 15. Nf4 N7f6 16. Qf3 O-O 17. a3 a5 18. Kh2 Ra7 19. axb4 axb4 20.
Bd2 Rfa8 21. Rxa7 Rxa7 22. Nxd5 Nxd5 23. Ne3 Nxe3 24. Bxe3 Ra2 25. Rb1 c4
26. Qe4 cxd3 27. Qxd3 h5 28. c4 bxc3 29. Qxc3 Qxc3 30. bxc3 Rc2 31. Rc1
Rxc1 32. Bxc1 Bf6 33. c4 Kf8 34. Ba3+ Ke8 35. Kg2 1/2-1/2

[Event "Politiken Cup"]
[Site "Helsingor DEN"]
[Date "2009.07.20"]
[Round "4"]
[White "Andersen,L2 DEN"]
[Black "Lyngsjo,H"]
[Result "1-0"]
[WhiteElo "2113"]
[BlackElo "1943"]
[EventDate "2009.07.18"]

1. Nf3 Nf6 2. c4 g6 3. g3 Bg7 4. Bg2 d5 5. cxd5 Nxd5 6. d4 Nb6 7. O-O O-O
8. Nc3 Nc6 9. e3 Be6 10. b3 Qd7 11. Ne4 Rad8 12. Ba3 Nd5 13. Rc1 Ncb4 14.
Nc5 Qc8 15. e4 1-0

[Event "Politiken Cup"]
[Site "Helsingor DEN"]
[Date "2009.07.20"]
[Round "4"]
[White "Bruun,H"]
[Black "Andersen,Cl"]
[Result "1/2-1/2"]
[WhiteElo "2093"]
[BlackElo "1829"]
[EventDate "2009.07.18"]

1. e4 e5 2. Nf3 Nf6 3. Nc3 Bb4 4. Bc4 O-O 5. d3 d5 6. exd5 Nxd5 7. Bd2 Nxc3
8. bxc3 Bd6 9. h3 h6 10. Qe2 Bf5 11. g4 Bh7 12. O-O-O b5 13. Bxb5 Nd7 14.
Be3 Rb8 15. Bc6 Ba3+ 16. Kd2 e4 17. Bxe4 Bxe4 18. dxe4 Nc5+ 19. Ke1 Qf6 20.
e5 Qe6 21. Kf1 Ne4 22. Bd4 Qc6 23. Kg2 Nxc3 24. Bxc3 Qxc3 25. Qd3 Qa5 26.
Rhe1 Bc5 27. Qf5 g6 28. Qf4 Kh7 29. Rd7 Qxa2 30. e6 Qxc2 31. Nd4 Bxd4 32.
Qxd4 Qc6+ 33. Kg1 Qf3 34. Rxc7 Rb7 35. Rxb7 Qxb7 36. e7 Re8 37. Qf6 Kg8 38.
Re3 Qd5 39. Re5 Qd7 40. Re3 Qd1+ 41. Kh2 Qd5 42. Re5 Qb7 43. h4 Qb6 44. g5
h5 45. Re3 Qb4 46. Rd3 Qxe7 47. Re3 1/2-1/2

[Event "Politiken Cup"]
[Site "Helsingor DEN"]
[Date "2009.07.20"]
[Round "4"]
[White "Haubro,M"]
[Black "Jonsson,L"]
[Result "0-1"]
[WhiteElo "1855"]
[BlackElo "2082"]
[EventDate "2009.07.18"]

1. e4 c5 2. Nf3 g6 3. d4 Bg7 4. c3 cxd4 5. cxd4 d6 6. Be3 Nf6 7. Nc3 O-O 8.
h3 Qa5 9. Qd2 Nc6 10. Be2 Bd7 11. O-O Rac8 12. Bh6 e5 13. d5 Nd4 14. Bxg7
Nxf3+ 15. Bxf3 Kxg7 16. Qg5 h6 17. Qh4 Rc4 18. a3 Qb6 19. Rab1 Rfc8 20. Bd1
g5 21. Qg3 Nxe4 22. Nxe4 Rxe4 23. Bh5 Rf4 24. Qd3 Bf5 0-1

[Event "Politiken Cup"]
[Site "Helsingor DEN"]
[Date "2009.07.20"]
[Round "4"]
[White "Nielsen,Bo1"]
[Black "Botheim,T"]
[Result "1/2-1/2"]
[WhiteElo "2073"]
[BlackElo "1939"]
[EventDate "2009.07.18"]

1. d4 Nf6 2. c4 g6 3. Nf3 Bg7 4. g3 O-O 5. Bg2 d6 6. O-O Nbd7 7. Qc2 e5 8.
Rd1 Re8 9. e4 exd4 10. Nxd4 Nc5 11. Nc3 a5 12. f3 Qe7 13. Be3 h5 14. h3 c6
15. Bg5 Qc7 16. Nce2 Nfd7 17. Rab1 Ne5 18. b3 Ne6 19. Nxe6 Bxe6 20. Nd4 Bd7
21. Kh1 c5 22. Nb5 Bxb5 23. cxb5 Qb6 24. a4 Nd7 25. Be3 Nf8 26. Bf1 Ne6 27.
Bc4 Nd4 28. Bxd4 Bxd4 29. Bd5 Kg7 30. Kg2 h4 31. g4 f6 32. f4 Rf8 33. Qd2
Qc7 34. Rf1 Qe7 35. Rbe1 Qc7 36. Qc2 Rae8 37. Qd2 b6 38. Qd3 Qe7 39. Qb1
Qc7 40. Qc2 1/2-1/2

[Event "Politiken Cup"]
[Site "Helsingor DEN"]
[Date "2009.07.20"]
[Round "4"]
[White "Moe,P"]
[Black "Hansen,Herl"]
[Result "1/2-1/2"]
[WhiteElo "1820"]
[BlackElo "2071"]
[EventDate "2009.07.18"]

1. e4 c5 2. Nf3 d6 3. d4 cxd4 4. Nxd4 Nf6 5. Nc3 a6 6. Bg5 e6 7. f4 Qc7 8.
Bxf6 gxf6 9. Qd2 Bd7 10. g3 Nc6 11. Bg2 O-O-O 12. O-O-O Kb8 13. Nb3 Be7 14.
Rhe1 Na5 15. Nxa5 Qxa5 16. Kb1 Rc8 17. Re3 Rc7 18. Ne2 Qxd2 19. Rxd2 Rc5
20. Rc3 Rhc8 21. Rxc5 Rxc5 22. Nd4 Rh5 23. Bf3 Rc5 24. Nb3 Rc8 25. Nd4 Rg8
26. Ne2 Kc7 27. c4 b5 28. cxb5 axb5 29. Rc2+ Kb6 30. a3 Bc6 31. Nd4 Bb7 32.
Rc3 f5 33. exf5 e5 34. Bxb7 exd4 35. Rc8 Rxc8 36. Bxc8 Kc6 37. f6 Bxf6 38.
Bf5 h6 39. Kc2 Bd8 40. Kd3 d5 41. b4 Kd6 42. Bg4 Bb6 43. Bh5 f6 44. Be8 Ke6
45. Bxb5 Bc7 46. Bc6 Kd6 47. Be8 Ke6 48. Bc6 Kd6 49. Bb7 Bb6 50. a4 Ba7 51.
a5 Bb8 52. Ba8 Ba7 53. Bb7 1/2-1/2

[Event "Politiken Cup"]
[Site "Helsingor DEN"]
[Date "2009.07.20"]
[Round "4"]
[White "Pedersen,JanK"]
[Black "Schmidt,Ho DEN"]
[Result "1-0"]
[WhiteElo "2065"]
[BlackElo "1875"]
[EventDate "2009.07.18"]

1. d4 d5 2. Nf3 Nf6 3. Bg5 e6 4. e3 Be7 5. Nbd2 O-O 6. Bd3 b6 7. c3 c5 8.
Qe2 Nc6 9. h4 cxd4 10. exd4 h6 11. Ne5 Nxe5 12. dxe5 Nh7 13. Bxe7 Qxe7 14.
g4 f5 15. gxf5 exf5 16. f4 Be6 17. O-O-O d4 18. c4 b5 19. Kb1 bxc4 20. Bxc4
Rfc8 21. Bxe6+ Qxe6 22. Nb3 Rc4 23. Nxd4 Qc8 24. Qd3 Rb8 25. Nxf5 Qb7 26.
Qxc4+ 1-0

[Event "Politiken Cup"]
[Site "Helsingor DEN"]
[Date "2009.07.20"]
[Round "4"]
[White "Petersen,Nil"]
[Black "Knoth,M"]
[Result "1/2-1/2"]
[WhiteElo "2060"]
[BlackElo "1856"]
[EventDate "2009.07.18"]

1. c4 e6 2. Nc3 d5 3. e3 Nf6 4. Nf3 c6 5. b3 Be7 6. Bb2 O-O 7. Be2 b6 8.
O-O Bb7 9. Rc1 Qd6 10. cxd5 exd5 11. Nd4 Qe5 12. f4 Qd6 13. Nf5 Qe6 14.
Nxe7+ Qxe7 15. Bf3 Ba6 16. Be2 Bxe2 17. Qxe2 Re8 18. Rce1 Nbd7 19. d3 Rac8
20. e4 d4 21. Nb1 c5 22. Nd2 Qe6 23. Nf3 a5 24. Bc1 Ra8 25. f5 Qe7 26. e5
Nd5 27. Bg5 f6 28. Qe4 Nc3 29. exf6 Nxe4 30. fxe7 Nxg5 31. Nxg5 Nf6 32. Re6
h6 33. Ne4 Nxe4 34. Rxe4 Ra7 35. f6 gxf6 36. Rxf6 Raxe7 37. Rxe7 Rxe7 38.
Rxh6 Re3 39. Rxb6 Rxd3 40. Rb5 a4 41. Rxc5 axb3 42. axb3 Rxb3 43. Rd5 Rd3
44. Kf2 Rd2+ 45. Kf3 Kf7 46. Rg5 Kf6 47. h4 Ra2 48. g3 d3 49. Ke3 d2 50.
Ke2 Rb2 51. Rd5 Rb3 52. Kf2 Rb2 53. Ke3 Rb3+ 54. Kf4 Rb4+ 55. Kf3 Rb3+ 56.
Kg4 Rb4+ 57. Kh3 Rb2 58. h5 Rb5 59. Rd6+ Ke7 60. Rxd2 Rxh5+ 61. Kg4 Ra5 62.
Rf2 Rb5 63. Kh4 Rb6 64. g4 Rb8 65. g5 Rf8 66. Ra2 Kf7 67. Ra7+ Kg6 68. Kg4
Rb8 69. Ra6+ Kg7 70. Kh5 Rh8+ 1/2-1/2

[Event "Politiken Cup"]
[Site "Helsingor DEN"]
[Date "2009.07.20"]
[Round "4"]
[White "Lund,P"]
[Black "Torkilseng,R"]
[Result "1-0"]
[WhiteElo "2047"]
[BlackElo "1824"]
[EventDate "2009.07.18"]

1. e4 c6 2. d4 d5 3. e5 Bf5 4. h4 h6 5. g4 Bh7 6. e6 fxe6 7. Bd3 Nf6 8.
Bxh7 Rxh7 9. Qd3 Kf7 10. Nf3 Kg8 11. g5 Ne4 12. g6 Rh8 13. Ne5 Nd6 14. Nd2
Nd7 15. Ndf3 Nf6 16. Bd2 a5 17. O-O-O Nfe4 18. Be3 Qc8 19. Rhg1 b5 20. Nd2
Nf6 21. Rg2 b4 22. Rdg1 Qe8 23. Bf4 Nh5 24. Bh2 Nf6 25. Qh3 Qc8 26. Re1 Nf5
27. Ndf3 Ne4 28. Nf7 c5 29. Be5 c4 30. Nxh8 Kxh8 31. Ng5 c3 32. Nxe4 cxb2+
33. Kxb2 dxe4 34. Rxe4 Qc6 35. Rgg4 a4 36. Qd3 a3+ 37. Kb1 Rc8 38. Re1 Qd5
39. Rf4 Rc3 40. Qd2 Nd6 1-0

[Event "Politiken Cup"]
[Site "Helsingor DEN"]
[Date "2009.07.20"]
[Round "4"]
[White "Madland,K"]
[Black "Jensen,By"]
[Result "1-0"]
[WhiteElo "2017"]
[BlackElo "1817"]
[EventDate "2009.07.18"]

1. e4 e5 2. Nf3 Nc6 3. Bb5 a6 4. Ba4 Nf6 5. O-O Be7 6. Re1 b5 7. Bb3 O-O 8.
a4 b4 9. d4 d6 10. h3 exd4 11. Nxd4 Nxd4 12. Qxd4 a5 13. Nd2 Nd7 14. Bd5
Bf6 15. Qe3 Rb8 16. Nc4 1-0

[Event "Politiken Cup"]
[Site "Helsingor DEN"]
[Date "2009.07.20"]
[Round "4"]
[White "Knudsen,JesW"]
[Black "Christensen,Ca"]
[Result "1-0"]
[WhiteElo "2005"]
[BlackElo "1808"]
[EventDate "2009.07.18"]

1. e4 d6 2. Bc4 Nf6 3. d3 g6 4. Nc3 Bg7 5. Nf3 O-O 6. Bg5 c5 7. Qd2 Nc6 8.
Bh6 a6 9. h4 b5 10. Bxg7 Kxg7 11. Bd5 Qb6 12. h5 g5 13. Qxg5+ Kh8 14. Bxc6
Qxc6 15. Nd5 Rg8 16. Nxe7 Rxg5 17. Nxc6 Rxg2 18. Kf1 Rg4 19. Ne7 Be6 20.
Nf5 d5 21. Ne3 Rgg8 22. e5 Ng4 23. Nxg4 Rxg4 24. h6 Rg6 25. Nd2 Rag8 26.
Re1 Bg4 27. f3 Be6 28. Ke2 Rg2+ 29. Kd1 Rf2 30. Re2 Rxe2 31. Kxe2 Rg5 32.
f4 Rg2+ 33. Ke1 Bg4 34. Rh4 Bf5 35. Rh5 Bg6 36. Rg5 Rxg5 37. fxg5 Kg8 38.
Nb3 c4 39. Nc5 a5 40. Kd2 b4 41. d4 Bf5 42. c3 Kf8 43. Nb7 bxc3+ 44. Kxc3
a4 45. Nc5 Ke7 46. Nxa4 Kd7 47. Nc5+ Kc6 48. Kb4 Kb6 49. Na4+ Kc6 50. Nc3
Be6 51. a4 Kb6 52. a5+ Kc6 53. Na4 Bc8 54. Nc5 Bf5 55. Na4 Bc8 56. Nc3 Be6
57. Ne2 Bf5 58. Nf4 Be4 59. a6 Kb6 60. a7 1-0

[Event "Politiken Cup"]
[Site "Helsingor DEN"]
[Date "2009.07.20"]
[Round "4"]
[White "Hansen,Herb"]
[Black "Sorensen,D"]
[Result "1/2-1/2"]
[WhiteElo "1832"]
[BlackElo "2005"]
[EventDate "2009.07.18"]

1. e4 g6 2. d4 Bg7 3. Nf3 d6 4. Be3 Nf6 5. Nc3 O-O 6. Qd2 c6 7. Bh6 b5 8.
Bxg7 Kxg7 9. Bd3 a6 10. h3 Bb7 11. e5 Nd5 12. Nxd5 cxd5 13. c3 Nc6 14. exd6
Qxd6 15. O-O f6 16. Ne1 e5 17. Nc2 e4 18. Be2 Rae8 19. a4 Na5 20. Ra3 Nc4
21. Bxc4 bxc4 22. a5 f5 23. Ra4 f4 24. Rb4 Bc8 25. Rb6 Qd8 26. Nb4 Qg5 27.
Kh2 e3 28. Qe2 f3 29. gxf3 Qh4 30. fxe3 Qxh3+ 31. Kg1 Rxe3 32. Qxe3 Qg3+
33. Kh1 Qh3+ 34. Kg1 1/2-1/2

[Event "Politiken Cup"]
[Site "Helsingor DEN"]
[Date "2009.07.20"]
[Round "4"]
[White "Lyngsjo,G"]
[Black "Svanholm,B"]
[Result "1-0"]
[WhiteElo "1829"]
[BlackElo "2001"]
[EventDate "2009.07.18"]

1. Nf3 Nf6 2. c4 g6 3. b4 Bg7 4. Bb2 d6 5. d4 O-O 6. g3 a5 7. b5 c6 8. Nc3
Bf5 9. Bg2 Qc8 10. Na4 Qd8 11. O-O d5 12. bxc6 bxc6 13. Ne5 Ra6 14. Rc1 Qd6
15. Qb3 Qb4 16. Ba3 Qxb3 17. axb3 Re8 18. cxd5 cxd5 19. Rc7 Bf8 20. Rfc1
Kg7 21. Bf1 Ra8 22. Nb6 Ra6 23. Bc5 Ne4 24. e3 Nxc5 25. dxc5 Rd8 26. Bxa6
Nxa6 27. Ra7 Nb4 28. Rxa5 f6 29. Ra4 fxe5 30. Rxb4 d4 31. Nc4 d3 32. Nd2
Rc8 33. c6 e6 34. Rb7+ Kh6 35. b4 Bd6 36. f3 g5 37. Kf2 Bg6 38. e4 Be8 39.
b5 Kg6 40. Ke3 Ba3 41. Rc3 Bb4 42. Rxd3 Bc5+ 43. Ke2 h5 44. Nc4 Kf6 45. Nd6
Bxd6 46. Rxd6 g4 47. Rd2 Bxc6 48. bxc6 1-0

[Event "Politiken Cup"]
[Site "Helsingor DEN"]
[Date "2009.07.20"]
[Round "4"]
[White "Sorensen,S"]
[Black "Rasmussen,O"]
[Result "1-0"]
[WhiteElo "2000"]
[BlackElo "1751"]
[EventDate "2009.07.18"]

1. d4 Nf6 2. c4 e6 3. Nf3 d5 4. Nc3 Bb4 5. Bd2 O-O 6. e3 c5 7. a3 Bxc3 8.
bxc3 Nc6 9. Bd3 dxc4 10. Bxc4 Ne4 11. O-O Nxd2 12. Nxd2 cxd4 13. cxd4 a6
14. Qh5 Qa5 15. Qe2 Ne7 16. f4 Nf5 17. Nb3 Qc3 18. Rf3 b5 19. Rc1 Qxc1+ 20.
Nxc1 bxc4 21. Qb2 Bd7 22. e4 Rab8 23. Qc3 Nd6 24. Re3 Rfc8 25. d5 exd5 26.
exd5 Nb5 27. Qa5 c3 28. Re7 Re8 29. Rxd7 Re1+ 30. Kf2 1-0

[Event "Politiken Cup"]
[Site "Helsingor DEN"]
[Date "2009.07.20"]
[Round "4"]
[White "Svendsen,Pet"]
[Black "Skovle,L"]
[Result "1-0"]
[WhiteElo "1993"]
[BlackElo "1677"]
[EventDate "2009.07.18"]

1. d4 e6 2. c4 f5 3. g3 Nf6 4. Nc3 Bb4 5. Bg5 O-O 6. Bg2 c5 7. d5 e5 8. e4
d6 9. Nge2 h6 10. Bd2 Nxe4 11. Nxe4 Bxd2+ 12. Nxd2 1-0

[Event "Politiken Cup"]
[Site "Helsingor DEN"]
[Date "2009.07.20"]
[Round "4"]
[White "Ostlund,M"]
[Black "Borup,M"]
[Result "1-0"]
[WhiteElo "1827"]
[BlackElo "1992"]
[EventDate "2009.07.18"]

1. e4 e6 2. d4 d5 3. e5 c5 4. c3 Nc6 5. Nf3 Bd7 6. Be2 Qb6 7. a3 cxd4 8.
cxd4 a5 9. b3 Rc8 10. Bb2 Nh6 11. Nc3 Nf5 12. Na4 Qd8 13. Bd3 g6 14. h4 h5
15. Rc1 Be7 16. g3 Na7 17. Nc3 Qb6 18. Bxf5 gxf5 19. O-O Rg8 20. Kh2 Rg4
21. Ne2 Rxc1 22. Bxc1 Bb5 23. Re1 Bxe2 24. Rxe2 Nb5 25. Rd2 f4 26. a4 Nc3
27. Qc2 Ne4 28. Qc8+ Qd8 29. Rc2 fxg3+ 30. fxg3 Qxc8 31. Rxc8+ Kd7 32. Rb8
Kc7 33. Re8 Bb4 34. Bf4 Nc3 35. Ng1 b5 36. axb5 Nxb5 37. Ne2 Bc3 38. Re7+
Kd8 39. Rb7 Nxd4 40. Nxc3 Nf3+ 41. Kh1 d4 42. Ne4 Kc8 43. Nd6+ Kd8 44. Kg2
Nxh4+ 45. Kf2 Ng6 46. Nxf7+ Kc8 47. Nd6+ Kd8 48. Bd2 Nxe5 49. Bxa5+ 1-0

[Event "Politiken Cup"]
[Site "Helsingor DEN"]
[Date "2009.07.20"]
[Round "4"]
[White "Christensen,SvendI"]
[Black "Helin,M"]
[Result "0-1"]
[WhiteElo "1775"]
[BlackElo "1973"]
[EventDate "2009.07.18"]

1. d4 g6 2. Nf3 d6 3. Nc3 Bg7 4. e4 a6 5. Be2 e6 6. O-O h6 7. e5 d5 8. h3
b6 9. Nh2 c5 10. f4 Ne7 11. Bd3 c4 12. Be2 Nf5 13. Bg4 Ne7 14. Ne2 h5 15.
Bf3 Nf5 16. c3 Nc6 17. Qe1 Bf8 18. Ng3 Ng7 19. Bd1 Be7 20. Nf3 h4 21. Ne2
Nf5 22. Bc2 Ng7 23. Ng5 b5 24. Bd2 Qb6 25. Qb1 Nf5 26. Qe1 Bd7 27. a3 a5
28. Kh2 a4 29. Rc1 Kf8 30. Kh1 Kg7 31. Nf3 Rh5 32. Nh2 Rah8 33. Rf3 Na5 34.
Ng4 Nb3 35. Bxb3 axb3 36. Kh2 R5h7 37. Ng1 Ng3 38. Ne2 Ne4 39. Nf2 f5 40.
Ra1 Nxd2 41. Qxd2 Qd8 42. Rf1 Be8 43. Nd1 Bf7 44. Ne3 Kf8 45. Kh1 Ke8 46.
Ra1 Qd7 47. Rff1 Kd8 48. Kh2 Kc7 49. Ng1 Kb6 50. Ne2 Ka5 51. Kh1 Ka4 52.
Kh2 Qd8 53. Ng1 g5 54. Nf3 g4 55. Ne1 Rg7 56. Rg1 Rhg8 57. hxg4 fxg4 58.
Kh1 Bg6 59. Kh2 Be4 60. Rf1 g3+ 61. Kg1 Rh7 62. Nf3 h3 63. gxh3 Rxh3 64.
Qg2 Rh2 65. Nxh2 gxh2+ 0-1

[Event "Politiken Cup"]
[Site "Helsingor DEN"]
[Date "2009.07.20"]
[Round "4"]
[White "Knudsen,Jo2"]
[Black "Greeuw,S"]
[Result "0-1"]
[WhiteElo "1787"]
[BlackElo "1968"]
[EventDate "2009.07.18"]

1. d4 Nf6 2. c4 c5 3. d5 e6 4. Nf3 exd5 5. cxd5 d6 6. Nc3 g6 7. e4 Bg7 8.
Bb5+ Bd7 9. Bxd7+ Nbxd7 10. O-O O-O 11. Bf4 Nb6 12. Nd2 a6 13. a4 Nh5 14.
Be3 Qe7 15. Re1 Rae8 16. a5 Nd7 17. Rb1 Ne5 18. Qe2 Qh4 19. f3 Nf4 20. Bxf4
Qxf4 21. g3 Qxd2 22. Qxd2 Nxf3+ 23. Kf2 Nxd2 24. Ra1 Bxc3 25. bxc3 Nxe4+
26. Kf3 Nxc3 0-1

[Event "Politiken Cup"]
[Site "Helsingor DEN"]
[Date "2009.07.20"]
[Round "4"]
[White "Hagen,T"]
[Black "Larsen,Andr"]
[Result "0-1"]
[WhiteElo "1716"]
[BlackElo "1968"]
[EventDate "2009.07.18"]

1. e4 d5 2. exd5 Nf6 3. Nc3 Nxd5 4. Nxd5 Qxd5 5. c4 Qa5 6. Nf3 g6 7. Be2
Bg7 8. O-O O-O 9. d4 c5 10. dxc5 Qxc5 11. Be3 Qc7 12. Qc2 e5 13. Rad1 Nc6
14. a3 Bf5 15. Bd3 Bg4 16. Be2 Rad8 17. h3 Bf5 18. Qc1 Rfe8 19. b4 e4 20.
Bf4 Qc8 21. Rxd8 Rxd8 22. Nh2 Nd4 23. Bd1 Be6 24. c5 Rd5 25. Be3 Nb5 26.
Bb3 Rd3 27. Bxe6 Qxe6 28. a4 Nc3 29. Qc2 Qc4 30. Rb1 Rxe3 0-1

[Event "Politiken Cup"]
[Site "Helsingor DEN"]
[Date "2009.07.20"]
[Round "4"]
[White "Jorgensen,A"]
[Black "Jacobsen,P2"]
[Result "1-0"]
[WhiteElo "1965"]
[BlackElo "1711"]
[EventDate "2009.07.18"]

1. d4 Nf6 2. c4 e5 3. dxe5 Ne4 4. a3 Nc6 5. Nf3 d6 6. exd6 Bxd6 7. e3 Qf6
8. Be2 Bf5 9. Nbd2 Nc5 10. O-O O-O-O 11. Ra2 Ne4 12. Qa4 Kb8 13. Nxe4 Bxe4
14. c5 Bxc5 15. Qxe4 Rhe8 16. Qc4 Bd6 17. b4 Qh6 18. Qh4 Qe6 19. Bc4 Qg6
20. Rd2 f5 21. Qg5 Ne5 22. Qxg6 Nxf3+ 23. gxf3 hxg6 24. Rfd1 Rh8 25. Kf1
Rxh2 26. Bb2 Rh7 27. Be5 1-0

[Event "Politiken Cup"]
[Site "Helsingor DEN"]
[Date "2009.07.20"]
[Round "4"]
[White "Zmylon,F"]
[Black "Rasmussen,M2"]
[Result "0-1"]
[WhiteElo "1707"]
[BlackElo "1958"]
[EventDate "2009.07.18"]

1. e4 c6 2. d4 d5 3. exd5 cxd5 4. c4 Nf6 5. Nc3 e6 6. Bg5 Bb4 7. Nf3 Qa5 8.
Bd2 Qc7 9. Qb3 Bxc3 10. Bxc3 O-O 11. c5 Nc6 12. Bd3 Rb8 13. O-O b6 14. cxb6
Rxb6 15. Qc2 Qd6 16. Ne5 Nb4 17. Qe2 Nxd3 18. Nxd3 Ba6 19. Rfd1 Rc8 20. Qf3
Ne4 21. Rac1 Bxd3 22. Qxd3 Rbc6 23. Bd2 Qc7 24. Rb1 Nxd2 25. Qxd2 Rc2 26.
Qe1 Kf8 27. g3 Qc4 28. b3 Qe2 29. a4 Qxe1+ 30. Rxe1 Rd2 31. Rbc1 Rcc2 32.
Rxc2 Rxc2 33. Rd1 Ke7 34. Rd3 f6 35. Kg2 Kd6 36. Kf3 e5 37. dxe5+ fxe5 38.
Re3 d4 39. Rd3 Kd5 0-1

[Event "Politiken Cup"]
[Site "Helsingor DEN"]
[Date "2009.07.20"]
[Round "4"]
[White "Wihlborn,B"]
[Black "Pallesen,Jo"]
[Result "1-0"]
[WhiteElo "1939"]
[BlackElo "1701"]
[EventDate "2009.07.18"]

1. Nf3 d5 2. c4 c6 3. b3 Nf6 4. e3 Bf5 5. Bb2 h6 6. Be2 e6 7. O-O Bd6 8. d3
O-O 9. Nc3 Qc7 10. Rc1 dxc4 11. bxc4 Nbd7 12. Rc2 e5 13. Rd2 Rad8 14. h3
Nc5 15. Qa1 e4 16. Nh4 exd3 17. Nxf5 dxe2 18. Rxe2 Nd3 19. Nxd6 Nxb2 20.
Nxb7 Nxc4 21. Nxd8 Rxd8 22. Rd1 Re8 23. Qc1 Nd6 24. Rc2 Nf5 25. Nb5 Qa5 26.
Nd6 Re6 27. Nxf5 Qxf5 28. Rxc6 Ne4 29. Rc8+ Kh7 30. Qc2 Rg6 31. Rdd8 Rg5
32. Rc4 Qxh3 33. Qxe4+ f5 34. Qa8 Kg6 35. Rd6+ Kh5 36. Qd5 f4 37. Qxg5+ 1-0

[Event "Politiken Cup"]
[Site "Helsingor DEN"]
[Date "2009.07.20"]
[Round "4"]
[White "Astrom,L"]
[Black "Nielsen,Aa"]
[Result "1/2-1/2"]
[WhiteElo "1689"]
[BlackElo "1932"]
[EventDate "2009.07.18"]

1. e4 e6 2. d4 d5 3. Nd2 dxe4 4. Nxe4 Nf6 5. Nxf6+ Qxf6 6. Nf3 h6 7. Be2 b6
8. O-O Bd6 9. Re1 Bb7 10. b3 Nd7 11. Bb5 c6 12. Bxc6 Bxc6 13. d5 O-O-O 14.
dxc6 Nb8 15. Bd2 Nxc6 16. c4 Rd7 17. Rc1 Rhd8 18. Qc2 Ne5 19. Nxe5 Bxe5 20.
Be3 Rd3 21. c5 b5 22. Qe2 Bc3 23. Red1 Rxd1+ 24. Rxd1 Rxd1+ 25. Qxd1 Qd8
26. Qc2 f5 27. g3 Bd4 28. b4 Bxe3 29. fxe3 Qd5 30. a3 Kc7 31. Qc3 e5 32.
Qc2 g6 33. g4 fxg4 34. Qxg6 Qd1+ 35. Kf2 Qf3+ 36. Kg1 Qxe3+ 37. Kg2 Qe2+
38. Kg1 Qd1+ 39. Kg2 Qd5+ 40. Kg1 Qd4+ 41. Kg2 Qd2+ 42. Kg1 Qe1+ 43. Kg2
Qe2+ 44. Kg1 Qe1+ 1/2-1/2

[Event "Politiken Cup"]
[Site "Helsingor DEN"]
[Date "2009.07.20"]
[Round "4"]
[White "Nielsen,Pr1"]
[Black "Hansen,An"]
[Result "1-0"]
[WhiteElo "1929"]
[BlackElo "2005"]
[EventDate "2009.07.18"]

1. d4 e6 2. c4 d5 3. Nf3 Nf6 4. e3 Nbd7 5. Nc3 b6 6. Bd3 Bb7 7. O-O Be7 8.
Re1 Ne4 9. Qc2 Ndf6 10. Nd2 Nxf2 11. Kxf2 Ng4+ 12. Kg1 Qd6 13. Nf3 dxc4 14.
Be4 Bd5 15. Bxd5 exd5 16. e4 Bh4 17. e5 Qg6 18. Qa4+ Kf8 19. Nxh4 Qe6 20.
Rf1 c6 21. Qc2 1-0

[Event "Politiken Cup"]
[Site "Helsingor DEN"]
[Date "2009.07.20"]
[Round "4"]
[White "Eiholt,B"]
[Black "Berkemer,R"]
[Result "1-0"]
[WhiteElo "1678"]
[BlackElo "1925"]
[EventDate "2009.07.18"]

1. d4 Nf6 2. c4 e6 3. Nc3 c5 4. d5 exd5 5. cxd5 Bd6 6. Nf3 Bc7 7. e4 d6 8.
Be2 Ba5 9. O-O O-O 10. Nd2 Re8 11. f3 a6 12. Nc4 Bc7 13. a4 Nbd7 14. Bg5 h6
15. Bh4 Ne5 16. Nd2 g5 17. f4 Nfg4 18. Bf2 gxf4 19. h3 Nxf2 20. Rxf2 Qg5
21. Kh1 Kh8 22. Nf3 Qg3 23. Qf1 Rg8 24. Rd1 f6 25. Nd2 Ng6 26. Bh5 Bd7 27.
Bxg6 Rxg6 28. Ne2 Qe3 29. Rf3 Rag8 30. Rxe3 fxe3 31. Nc4 Rxg2 32. Qxg2 Rxg2
33. Kxg2 Bxa4 34. Rf1 Bc2 35. Kf3 f5 36. exf5 Bxf5 37. Nxe3 Bxh3 38. Rh1
Bd7 39. Rxh6+ Kg7 40. Rh5 Bd8 41. Nf4 b5 42. Ne6+ Kg6 43. Rh8 Bf6 44. Ra8
Bxb2 45. Nf8+ 1-0

[Event "Politiken Cup"]
[Site "Helsingor DEN"]
[Date "2009.07.20"]
[Round "4"]
[White "Madsen,D"]
[Black "Jacobsen,S"]
[Result "0-1"]
[WhiteElo "1579"]
[BlackElo "1906"]
[EventDate "2009.07.18"]

1. d4 Nf6 2. Nc3 d5 3. e4 dxe4 4. f3 exf3 5. Nxf3 Bf5 6. Bc4 e6 7. O-O Bd6
8. Qe1 O-O 9. Bg5 Nbd7 10. Ne5 Qe8 11. Qe2 c5 12. Nb5 Bb8 13. Bxf6 Nxf6 14.
dxc5 Qc8 15. b4 Ne4 16. Ng4 Qd8 17. Ne3 Qh4 18. Nd6 Nxd6 19. cxd6 Bxd6 20.
Rxf5 Qxh2+ 21. Kf2 exf5 22. Qf3 Qh4+ 23. g3 Qg5 24. Nxf5 Bxb4 25. Rd1 Bc5+
26. Kg2 g6 27. Nd6 Bxd6 28. Rxd6 Kg7 29. Rd7 Qf6 30. Qxb7 Rae8 31. Bb3 Re2+
32. Kh3 Qf1+ 0-1

[Event "Politiken Cup"]
[Site "Helsingor DEN"]
[Date "2009.07.20"]
[Round "4"]
[White "Nielsen,Pa"]
[Black "Kristensen,S"]
[Result "1-0"]
[WhiteElo "1877"]
[BlackElo "1565"]
[EventDate "2009.07.18"]

1. c4 e5 2. Nc3 Nf6 3. a3 Bc5 4. e3 a5 5. Qc2 Nc6 6. Nge2 g6 7. b3 d5 8.
cxd5 Nxd5 9. Nxd5 Qxd5 10. Nc3 Qd6 11. Ne4 1-0

[Event "Politiken Cup"]
[Site "Helsingor DEN"]
[Date "2009.07.21"]
[Round "5"]
[White "Berg,E"]
[Black "Nielsen,PH"]
[Result "0-1"]
[WhiteElo "2610"]
[BlackElo "2680"]
[EventDate "2009.07.18"]

1. e4 e5 2. Nf3 Nf6 3. Nxe5 d6 4. Nc4 Nxe4 5. Qe2 Qe7 6. Ne3 Nf6 7. b3 Nc6
8. Bb2 Be6 9. g3 d5 10. Bg2 O-O-O 11. d4 h5 12. Nd2 g6 13. O-O-O Bh6 14.
Rhe1 Qb4 15. a3 Qb6 16. Kb1 Rhe8 17. Qd3 Ng4 18. Nxg4 hxg4 19. b4 a5 20.
bxa5 Nxa5 21. Qc3 Bxd2 22. Rxd2 Nc4 23. Rdd1 Rd6 24. Bf1 Nxb2 25. Qxb2 Rh8
26. Re3 Qxb2+ 27. Kxb2 Rxh2 28. Rd2 Bf5 29. c4 Be4 30. Be2 f5 31. c5 Rd8
32. Bd1 Rdh8 33. Kc3 Rh1 34. Bc2 Rc1 35. Kb2 Rhh1 36. Bxe4 fxe4 37. Kb3
Rb1+ 38. Rb2 Rxb2+ 39. Kxb2 Rd1 40. Kc3 Kb8 41. a4 0-1

[Event "Politiken Cup"]
[Site "Helsingor DEN"]
[Date "2009.07.21"]
[Round "5"]
[White "Tiviakov,S"]
[Black "Rolvag,M"]
[Result "1-0"]
[WhiteElo "2674"]
[BlackElo "2196"]
[EventDate "2009.07.18"]

1. e4 c6 2. d4 d5 3. Nd2 dxe4 4. Nxe4 Nf6 5. Nxf6+ gxf6 6. Nf3 Bf5 7. Bd3
Bg6 8. Bf4 Na6 9. c3 Nc7 10. O-O Bg7 11. Re1 Nd5 12. Bg3 O-O 13. c4 Nb6 14.
Qe2 e6 15. Rad1 a5 16. Qe3 Re8 17. Bf1 Re7 18. Nd2 Rd7 19. Nb3 Nc8 20. Nc5
Re7 21. Qb3 b6 22. Na4 Raa7 23. f3 Rad7 24. Bf2 Bf5 25. d5 c5 26. dxe6 Bxe6
27. Bg3 Rxd1 28. Rxd1 Rd7 29. Re1 f5 30. Nc3 Ne7 31. Bf4 Rb7 32. Bg5 h6 33.
Be3 Rd7 34. Na4 Rd6 35. Kh1 Ng6 36. Nc3 Rd7 37. f4 Ne7 38. Na4 Rd6 39. Bf2
Bf6 40. Kg1 Nc8 41. Be3 Bg7 42. Be2 Ne7 43. Kf1 Nc8 44. Nc3 Ne7 45. Nb5 Rd7
46. Bf3 Qc8 47. Nc3 Qd8 48. Rd1 Rxd1+ 49. Nxd1 Qd6 50. Nf2 Ng6 51. g3 Nf8
52. Be2 Nd7 53. Qc2 Nf6 54. b3 Bd7 55. Bf3 Nh7 56. Qd3 Qc7 57. Nd1 Nf6 58.
Nc3 Be6 59. Bg1 Bf8 60. Ke2 Be7 1-0